| 000 | 00664cam a22002293a 4500 | ||
|---|---|---|---|
| 001 | 31296 | ||
| 003 | PGUSA | ||
| 005 | 20140828083657.0 | ||
| 008 | 100216s2010||||xxu|||||s|||||000 | eng d | ||
| 040 |
_aPGUSA _beng |
||
| 042 | _adc | ||
| 050 | 4 | _aGN | |
| 100 | 1 |
_aLatham, R. G. _q(Robert Gordon), _d1812-1888 |
|
| 245 | 1 | 4 |
_aThe Ethnology of the British Colonies and Dependencies _h[electronic resource] / _cR. G. Latham |
| 260 |
_bProject Gutenberg, _c2010 |
||
| 506 | _aPublic domain in the USA. | ||
| 516 | _aElectronic text | ||
| 653 | _aEthnology | ||
| 830 | 0 |
_aProject Gutenberg _v31296 |
|
| 856 | 4 | 0 | _uhttp://www.gutenberg.org/ebooks/31296 |
| 942 | _cEB | ||
| 999 |
_c260551 _d260551 |
||